书目信息 |
| 题名: |
大学
|
|
| 作者: | 曾参 原著 ;孟陶宁 主编 | |
| 分册: | ||
| 出版信息: | 长春 北方妇女儿童出版社 2018 |
|
| 页数: | 346页 | |
| 开本: | 23cm | |
| 丛书名: | 中国古典名著系列丛书 | |
| 单 册: | ||
| 中图分类: | B222.1 , B222.12 , B222.14 | |
| 科图分类: | ||
| 主题词: | 儒家 | |
| 电子资源: | ||
| ISBN: | 978-7-5385-5272-0 | |
| 000 | 01114oam2 2200337 45 | |
| 001 | 012001012363 | |
| 005 | 20141124114112.0 | |
| 010 | @a978-7-5385-5272-0@dCNY32.80 | |
| 100 | @a20120227d2011 em y0chiy0110 ea | |
| 101 | 0 | @achi |
| 102 | @aCN@b220000 | |
| 105 | @aa z 000yy | |
| 106 | @ar | |
| 200 | 1 | @a大学@9da xue@f(春秋)曾参原著@g孟陶宁主编 |
| 210 | @a长春@c北方妇女儿童出版社@d2018 | |
| 215 | @a346页@c图@d23cm | |
| 225 | 2 | @a中国古典名著系列丛书 |
| 300 | @a国学传世经典 双色版 精编插图 | |
| 314 | @a本书封面、书脊第一责任方式题:著 | |
| 330 | @a《大学》是中国古代典籍名篇,本书对原文进行了注释和翻译,并在每篇后都附有评析和著名的典故,强调人的修身养性不只是内省的过程,更是同外物相接触,穷究物理而获得知识,培养道德品性、完善人格的过程。 | |
| 461 | 0 | @12001 @a中国古典名著系列丛书 |
| 605 | @a大学@x注释 | |
| 605 | @a大学@x译文 | |
| 606 | 0 | @a儒家 |
| 690 | @aB222.1@v4 | |
| 690 | @aB222.12@v4 | |
| 690 | @aB222.14@v4 | |
| 701 | 0 | @c(战国)@a曾参@9zeng shen@4原著 |
| 702 | 0 | @a孟陶宁@9meng tao ning@4主编 |
| 801 | 0 | @aCN@b上海新华@c20191020 |
| 905 | @b1178995-8@dB222.1@e902@f4 | |
| 大学/(春秋)曾参原著/孟陶宁主编.-长春:北方妇女儿童出版社,2018 |
| 346页:图;23cm.-(中国古典名著系列丛书) |
| 国学传世经典 双色版 精编插图 |
| ISBN 978-7-5385-5272-0:CNY32.80 |
| 《大学》是中国古代典籍名篇,本书对原文进行了注释和翻译,并在每篇后都附有评析和著名的典故,强调人的修身养性不只是内省的过程,更是同外物相接触,穷究物理而获得知识,培养道德品性、完善人格的过程。 |
| ● |
| 相关链接 |
|
|
|
|
正题名:大学
索取号:B222.1/902
 
预约/预借
| 序号 | 登录号 | 条形码 | 馆藏地/架位号 | 状态 | 备注 |
| 1 | 1178995 | 211789956 | 第一样本阅览室/ [索取号:B222.1/902] | 在馆 | |
| 2 | 1178996 | 211789965 | 第一借阅区/ [索取号:B222.1/902] | 在馆 | |
| 3 | 1178997 | 211789974 | 第一借阅区/ [索取号:B222.1/902] | 在馆 | |
| 4 | 1178998 | 211789983 | 第一借阅区/ [索取号:B222.1/902] | 在馆 |